000 01259nam a22002417a 4500
003 DO-SdBNP
005 20220630122549.0
007 ta
008 210622b 2021 dr a 00| 0 eng d
020 _a 9789945097436
040 _aDO-SdBNP
_bspa
_cBNPHU
100 1 _aMatos, Gilda
_967048
245 1 0 _aArte y violencia de género :
_b en las bienales nacionales de artes visuales, Santo Domingo, República Dominicana /
_cGilda Matos.
260 _aSanto Domingo :
_bBuho,
_c2021.
300 _a179 p. :
_bil. ;
_c23 cm.
500 _aEsta investigación fue realizada en la Universidad Autónoma de Santo Domingo, Facultad de Artes, tesis de cuatro niveles para optar por título Maestría en Artes Visuales, bajo la asesoría de la Dra. Zoila Anitza Guitiérrez, promoción 2012-2014, terminada en noviembre 2018, bajo el título original Expresión de la violencia de género en las 23, 24 y 26 bienalñes nacionales de artes visuales, Santo Domingo, República Dominicana.
500 _aIncluye datos biográficos de la autora en la solapa de la cubierta.
504 _aBibliografía : p. 153-157
590 _aInventariado, 2021 /LP
590 _aLa biblioteca posee 1 ejemplar autografiado por la autora.
910 _aLopérez
942 _2ddc
_cLBS1
999 _c49987
_d49987